| 000 | 01152nam0a22002411i 4500 | ||
|---|---|---|---|
| 001 | rc\3444207 | ||
| 005 | 20240726042817.0 | ||
| 021 |
_aRU _b[73-15415а] |
||
| 035 | _a(NLR Aleph) 007569739 | ||
| 090 |
_a5391739 _c5391739 |
||
| 100 | _a20130115d1973 |||y0rusy50 ca | ||
| 101 | 0 | _arus | |
| 102 | _aRU | ||
| 105 | _ay d ||||| | ||
| 200 | 1 |
_aУчет и оптимизация распределения водных ресурсов (поверхностного стока) при проектировании гидроузлов _e(На примере дефицитных по воде районов Вост. Грузии) _eАвтореф. дис. на соиск. учен. степени канд. техн. наук _e(05.14.09) _fГруз. науч.-исслед. ин-т энергетики и гидротехн. сооружений |
|
| 210 |
_aТбилиси _d1973 |
||
| 215 | _a22 с. | ||
| 320 | _aСписок работ авт.: с. 21-22 (6 назв.) | ||
| 700 | 1 |
_aГобечия _bГ.Н. _gГеоргий Николаевич |
|
| 801 | 0 |
_aRU _bNLR _gpsbo |
|
| 801 | 1 |
_aRU _bELAR _2rusmarc |
|
| 852 |
_aNLR _j73-4/33371 |
||
| 942 | _cBOOK | ||